Les Vies des plus célèbres et anciens poetes provençaux (Record no. 114089)

MARC details
000 -LEADER
campo de control de longitud fija 00833nam a2200205 i 4500
001 - NÚMERO DE CONTROL
campo de control 114089
003 - IDENTIFICADOR DE NÚMERO DE CONTROL
campo de control ES-MaACL
005 - FECHA Y HORA DE LA ÚLTIMA TRANSACCIÓN
campo de control 20230906190056.0
007 - CAMPO FIJO DE DESCRIPCIÓN FÍSICA--INFORMACIÓN GENERAL
campo de control de longitud fija t|
008 - DATOS DE LONGITUD FIJA--INFORMACIÓN GENERAL
campo de control de longitud fija 061121s1913 fr r ||||1| fre d
100 1# - ENTRADA PRINCIPAL--NOMBRE DE PERSONA
Nombre de persona Nostredame, Jean de.
9 (RLIN) 86023
245 14 - MENCIÓN DEL TÍTULO
Título Les Vies des plus célèbres et anciens poetes provençaux
Resto del título : nouvelle édition accompagnée d'extraits d'ouvres inédites du mème auteur prèparée par Camille Chabaneau et publiée avec introduction et commentaire par Joseph Anglade /
Mención de responsabilidad, etc. Jean de Nostredame.
250 ## - MENCION DE EDICION
Mención de edición nouvelle édition.
260 ## - PUBLICACIÓN, DISTRIBUCIÓN, ETC.
Lugar de publicación, distribución, etc. Paris :
Nombre del editor, distribuidor, etc. [s.n.],
Fecha de publicación, distribución, etc. 1913 (
Fabricante Imp. Generale du Midi)
300 ## - DESCRIPCIÓN FÍSICA
Extensión 408 p. ;
Dimensiones 20 cm.
650 #4 - PUNTO DE ACCESO ADICIONAL DE MATERIA--TÉRMINO DE MATERIA
Término de materia o nombre geográfico como elemento de entrada Poesía provenzal-
Subdivisión general Historia y crítica.
9 (RLIN) 142887
700 1# - ENTRADA AGREGADA--NOMBRE PERSONAL
Nombre de persona Chabaneau, Camille.
9 (RLIN) 37715
700 1# - ENTRADA AGREGADA--NOMBRE PERSONAL
Nombre de persona Anglade, Joseph.
9 (RLIN) 21741
852 ## - LOCALIZACIÓN
Ubicación ES-MaACL
Número de control de estantería G-15571
Holdings
Estatus retirado Estado de pérdida Estado de daño No para préstamo Biblioteca de origen Biblioteca actual Ubicación en estantería Fecha de adquisición Fuente de adquisición Total de préstamos Signatura topográfica completa Código de barras Visto por última vez Precio de reemplazo Tipo de ítem Koha
        Biblioteca del Ateneo de Madrid Biblioteca del Ateneo de Madrid Sala Pecera Planta 3 17/01/2008     G-15571 1118980 23/02/2023 23/02/2023 Libro impreso